LEADER 01248nam a2200313 i 4500 001 000000340128 003 CaOOAMICUS 005 20200417145259.0 008 200417s1967 it u001 u ita u 013 $a149462 040 $aSeMil$bita 245 10$aLettera enciclica Populorum progressio /$cdi Sua Santità Paolo 6. 260 $aMilano :$bVita e Pensiero,$c1967. 300 $a79 p. ;$c24 cm 500 $aFondo Card. Giovanni Colombo. 650 4$aSociologia cristiana.$0(OLS)http://semarc/subject/2045 650 4$aPaolo VI - Encicliche . Populorum progressio.$0(OLS)http://semarc/subject/6399 700 0 $aPaulus VI,$c.$0(OLS)http://semarc/name/803 850 $aSeMil 852 $aSeMil$W1$xVenegono$y1$m3GC VII 253/18$j222072$B231263$CSeMilBibl$Z2$F231263 $8I 900 1 $aMontini, Giovanni Battista,$d<1897-1978>. 900 0 $aPaolo VI$c. 941 1 $a3 961 $aLascito: Colombo Card. Giovanni 996 $6245$aLettera enciclica Populorum progressio$9(OLS)http://semarc/title/429083 996 $6260$aMilano :$bVita e Pensiero$9(OLS)http://semarc/publisher/29642 LEADER 01428nam a2200277 i 4500 001 000000110742 003 CaOOAMICUS 005 20021212000000.0 008 021212s1981 it u000 u ita u 013 $a83423 040 $aSeMil$bita 245 10$aMounier trent'anni dopo :$batti del Convegno di studio dell'Università cattolica. Milano, 17-18 ottobre 1980 /$cContributi di Paulette Mounier ... [et al.]. 260 $aMilano :$bPubblicazioni della Università Cattolica del Sacro Cuore,$ccopyr. 1981. 260 $aMilano :$bVita e Pensiero,$ccopyr. 1981. 300 $a189 p. ;$c22 cm. 490 0 $aLe api : collana di scienze umane, scienze religiose, lettere ed arti 500 $aIn preliminari : Fondo Conti. 650 4$aMounier, Emmanuel <1905-1950>.$0(OLS)http://semarc/subject/8502 700 1 $aMounier, Paulette.$0(OLS)http://semarc/name/46420 830 3$aLe api.$0(OLS)http://semarc/title/6938 850 $aSeMil 852 $aSeMil$W1$xVenegono$y1$m3N V 336$j66605$B66605$CSeMilBibl$Z2$F77767 $81 961 $aOmaggio: Conti Franco 996 $6245$aMounier trent'anni dopo :$batti del Convegno di studio dell'Università cattolica. Milano, 17-18 ottobre 1980$9(OLS)http://semarc/title/161015 996 $6260$aMilano :$bVita e Pensiero$9(OLS)http://semarc/publisher/29642 996 $6260$aMilano :$bPubblicazioni della Università Cattolica del Sacro Cuore$9(OLS)http://semarc/publisher/39712 LEADER 00998nam a2200229 i 4500 001 000000209910 003 CaOOAMICUS 005 20120105000000.0 008 120105s1973 it u000 u fre u 013 $a188702 040 $aSeMil$bita 100 1 $aPareto, Vilfredo,$d<1848-1923>.$0(OLS)http://semarc/name/1536 245 10$aLettres d'Italie /$cVilfredo Pareto. 260 $aRoma :$bEdizioni di Storia e Letteratura,$c1973. 300 $a639 p. ;$c25 cm. 490 0 $aStoria ed economia : studi, testi, documenti, quaderni ;$v17 650 4$aPareto, Vilfredo <1848-1923> - Opere.$0(OLS)http://semarc/subject/5744 830 0$aStoria ed economia : studi, testi, documenti, quaderni ;$v17.$0(OLS)http://semarc/title/15321 850 $aSeMil 852 $aSeMil$W1$xVenegono$y1$m3T VI 134$j160361$B160361$CSeMilBibl$Z2$F171346 $81 996 $6245$aLettres d'Italie$9(OLS)http://semarc/title/303479 996 $6260$aRoma :$bEdizioni di Storia e Letteratura$9(OLS)http://semarc/publisher/29779